000 01553nam a22002537a 4500
003 URS
005 20250909100331.0
008 250909b |||||||| |||| 00| 0 eng d
050 _aLG 221.R59
_b.Ag91 2024
100 1 _aAgudes, John Mark C.
245 1 0 _aThe biography of Eulogio "TOYONG" S. Rodriguez Jr. Basis For literary Analysis/
_c John Mark C. Agudes, Diana Elizabaeth R. Bandol, [and] Regienald Valenzona
260 1 _c2024
300 _axi, 96 leaves;
_bIllustrations
_c28cm
336 _2rdacontent
_atext
337 _2rdamedia
_aunmediated
338 _2rdacarrier
_avolume
502 _aUndergraduate Thesis
_bBachelor of Secondary Education major in Social Studies
_cUniversity of Rizal System, Rodriguez Rizal
_d2024
520 _aThis study is a literary analysis on the biography of Eulogio "Yoyong" S. Rodriguez Jr., a prominent politician of the municipality of Rodriguez (Montalban), Rizal. This study was conducted during the Academic Year 2023-2024. This study aimed to determine the personal background of Eulogio "Yoyong" S. Rodriguez Jr. It also shows his life influenced to the local history of Rodriguez (Montalban), one of the municipalities of Rizal. Furthermore, it also identifies his contribution in various aspects such as political, socio-cultural, economic, and education.
650 _2literaray analysis on the biography
700 _a Bandol, Diana Elizabaeth R.
_eResearcher
700 _aValenzona, Regienald
_eResearcher
700 _aVictoria, Rocky Vincent A.
_eAdviser
942 _2lcc
_cT
999 _c86013
_d86011